Normal view MARC view

Entry Personal Name

Number of records used in: 2

001 - CONTROL NUMBER

  • control field: 3286

003 - CONTROL NUMBER IDENTIFIER

  • control field: OSt

005 - DATE AND TIME OF LATEST TRANSACTION

  • control field: 20190313145932.0

008 - FIXED-LENGTH DATA ELEMENTS

  • fixed length control field: 190313|| aca||aabn | a|a d

040 ## - CATALOGING SOURCE

  • Original cataloging agency: OSt
  • Transcribing agency: OSt

100 ## - HEADING--PERSONAL NAME

  • Personal name: Himachal Pradesh. Department of Economics and Statistics

670 ## - SOURCE DATA FOUND

  • Source citation: Work cat.: (OSt): Himachal Pradesh. Department of Economics and Statistics, Economic survey, Himachal Pradesh, 1994-1995

Powered by Koha